Song Quiz - Statistics

General Stats
  • This quiz has been taken 6 times
  • The average score is 5 of 12
Answer Stats
Band Song % Correct
Mariah Carey All I Want For Christmas Is You
50%
José Feliciano Feliz Navidad
50%
The Specials Ghost Town
50%
Led Zeppelin Immigrant Song
50%
The Archies Sugar Sugar
50%
Queen We Will Rock You
50%
Katy Perry Last Friday Night
33%
Public Make You Mine
33%
Lesley Gore Sunshine Lollipops
33%
Owl City When Can I See You Again
33%
Bruno Mars Count On Me
17%
The Spinners Rubberband Man
17%
No matching quizzes found
Score Distribution
Percent of People with Each Score
Percentile by Number Answered
Your Score History
You have not taken this quiz